| 000 | 00837nam a2200241Ia 4500 | ||
|---|---|---|---|
| 008 | 191130s1999##################000#0#eng## | ||
| 020 | _a521583225 | ||
| 022 | _a98043628 | ||
| 040 |
_aACL _cACL |
||
| 082 | _a305.4209420902 MAT | ||
| 100 | _aMate, Mavis E | ||
| 245 |
_aWomen in medieval English society _cprepared for the Economic History Society by Mavis E. Mate |
||
| 260 |
_aCambridge _bCambridge University Press _c1999 |
||
| 300 | _av, 114 p. ; 23 cm | ||
| 500 | _aIncludes bibliographical references (p. 101-111) and index | ||
| 650 | _aWomen - England - Economic conditions | ||
| 650 | _aWomen - England - History - Middle Ages, 500-1500 | ||
| 650 | _aWomen - England - Social conditions | ||
| 710 | _aEconomic History Society | ||
| 990 | _a0a31f6a6ac10000c418a296461676848 | ||
| 991 | _a17594 | ||
| 999 |
_c309299 _d309299 |
||